[Event "VII Lorca Open 2018"]
[Site "Lorca"]
[Date "2018.12.30"]
[Round "8"]
[White "Solozhenkin, Evgeniy"]
[Black "Gines Esteo, Pedro Antonio"]
[Result "0-1"]
[WhiteElo "2427"]
[BlackElo "2339"]
[Annotator "NA"]
[PlyCount "150"]
[EventDate "2018.12.26"]
[EventType "swiss"]
[EventCountry "ESP"]
[SourceTitle "playchess.com"]
[Source "ChessBase"]
[SourceQuality "1"]
[TimeControl "5400+30"]

1. d4 {[%emt 0:00:00]} f5 {[%emt 0:03:33]} 2. g3 {[%emt 0:00:12]} Nf6 {[%emt 0:00:09]} 3. Bg2 {[%emt 0:00:02]} g6 {[%emt 0:00:08]} 4. Nf3 {[%emt 0:00:17]} Bg7 {[%emt 0:00:07]} 5. O-O {[%emt 0:00:16]} O-O {[%emt 0:00:06]} 6. c4 {[%emt 0:00:06]} d6 {[%emt 0:00:11]} 7. Nc3 {[%emt 0:00:04]} Nc6 {[%emt 0:01:43]} 8. d5 {[%emt 0:06:31]} Ne5 {[%emt 0:01:00]} 9. Nxe5 {[%emt 0:00:07]} dxe5 {[%emt 0:00:05]} 10. Qb3 {[%emt 0:05:13]} e6 {[%emt 0:05:02]} 11. Rd1 {[%emt 0:15:17]} exd5 {[%emt 0:03:56]} 12. cxd5 {[%emt 0:04:11]} Kh8 {[%emt 0:02:38]} 13. Be3 {[%emt 0:01:54]} Ne8 {[%emt 0:01:34]} 14. Rac1 {[%emt 0:07:37]} a6 {[%emt 0:01:05]} 15. Na4 {[%emt 0:01:01]} Nd6 {[%emt 0:01:42]} 16. Nc5 {[%emt 0:00:22]} Qe7 {[%emt 0:07:51]} 17. Bd2 {[%emt 0:08:09]} e4 {[%emt 0:20:13]} 18. a4 {[%emt 0:05:17]} a5 {[%emt 0:10:51]} 19. f3 {[%emt 0:09:57]} Re8 {[%emt 0:12:30]} 20. fxe4 {[%emt 0:01:06]} fxe4 {[%emt 0:03:42]} 21. Bf4 {[%emt 0:05:05]} g5 {[%emt 0:03:18]} 22. Bxd6 {[%emt 0:01:51]} cxd6 {[%emt 0:01:42]} 23. Nxe4 {[%emt 0:00:04]} Bf5 {[%emt 0:00:04]} 24. Rc4 {[%emt 0:00:16]} Rac8 {[%emt 0:01:23]} 25. Rxc8 {[%emt 0:08:43]} Rxc8 {[%emt 0:00:02]} 26. Qf3 {[%emt 0:06:17]} Bxe4 {[%emt 0:06:40]} 27. Qxe4 {[%emt 0:00:05]} Qxe4 {[%emt 0:00:08]} 28. Bxe4 {[%emt 0:00:04]} Rc4 {[%emt 0:01:06]} 29. Bd3 {[%emt 0:04:46]} Rxa4 {[%emt 0:01:18]} 30. Rc1 {[%emt 0:00:00]} Bd4+ {[%emt 0:00:24]} 31. Kg2 {[%emt 0:00:06]} Rb4 {[%emt 0:00:04]} 32. Rc7 {[%emt 0:06:15]} Bxb2 {[%emt 0:02:30]} 33. h4 {[%emt 0:00:06]} gxh4 {[%emt 0:01:23]} 34. Rxh7+ {[%emt 0:00:14]} Kg8 {[%emt 0:00:01]} 35. Rxh4 {[%emt 0:00:05]} Rb3 {[%emt 0:05:57]} 36. Bc2 {[%emt 0:00:05]} Rc3 {[%emt 0:00:52]} 37. Bh7+ {[%emt 0:00:24]} Kg7 {[%emt 0:00:12]} 38. Bd3 {[%emt 0:00:03]} Rxd3 {[%emt 0:01:46]} 39. exd3 {[%emt 0:00:04]} b5 {[%emt 0:00:07]} 40. Kf3 {[%emt 0:04:32]} a4 {[%emt 0:00:39]} 41. Rb4 {[%emt 0:00:04]} a3 {[%emt 0:00:06]} 42. Rxb5 {[%emt 0:00:02]} a2 {[%emt 0:00:26]} 43. Rxb2 {[%emt 0:00:02]} a1=Q {[%emt 0:00:10]} 44. Rf2 {[%emt 0:02:08]} Qf6+ {[%emt 0:02:09]} 45. Kg2 {[%emt 0:00:59]} Qd4 {[%emt 0:00:05]} 46. Rf3 {[%emt 0:00:04]} Qxd5 {[%emt 0:00:07]} 47. Kf2 {[%emt 0:01:10]} Qd4+ {[%emt 0:00:46]} 48. Ke2 {[%emt 0:00:15]} Kg6 {[%emt 0:00:08]} 49. Rf4 {[%emt 0:00:27]} Qd5 {[%emt 0:00:59]} 50. Rg4+ {[%emt 0:00:23]} Kf5 {[%emt 0:00:33]} 51. Rf4+ {[%emt 0:00:07]} Kg5 {[%emt 0:00:17]} 52. Re4 {[%emt 0:00:34]} Qa2+ {[%emt 0:00:14]} 53. Kf3 {[%emt 0:00:42]} Qf7+ {[%emt 0:01:39]} 54. Ke3 {[%emt 0:01:47]} Qf1 {[%emt 0:00:06]} 55. Kd4 {[%emt 0:00:59]} Qg1+ {[%emt 0:01:22]} 56. Kd5 {[%emt 0:00:20]} Qxg3 {[%emt 0:00:27]} 57. Re6 {[%emt 0:00:24]} Qxd3+ {[%emt 0:00:39]} 58. Kc6 {[%emt 0:00:03]} Qa6+ {[%emt 0:00:16]} 59. Kd5 {[%emt 0:00:07]} Qd3+ {[%emt 0:00:02]} 60. Kc6 {[%emt 0:00:06]} Kf5 {[%emt 0:00:39]} 61. Rxd6 {[%emt 0:00:03]} Qc4+ {[%emt 0:00:12]} 62. Kd7 {[%emt 0:00:09]} Qb3 {[%emt 0:01:01]} 63. Rh6 {[%emt 0:00:52]} Qf7+ {[%emt 0:00:33]} 64. Kc6 {[%emt 0:00:07]} Qe8+ {[%emt 0:00:13]} 65. Kb7 {[%emt 0:00:35]} Qe7+ {[%emt 0:00:51]} 66. Kc6 {[%emt 0:00:36]} Qe8+ {[%emt 0:00:23]} 67. Kb7 {[%emt 0:00:11]} Ke5 {[%emt 0:00:10]} 68. Rh2 {[%emt 0:01:02]} Qd7+ {[%emt 0:00:50]} 69. Kb8 {[%emt 0:00:18]} Qd6+ {[%emt 0:00:37]} 70. Kb7 {[%emt 0:00:11]} Qd5+ {[%emt 0:00:06]} 71. Kb8 {[%emt 0:00:13]} Kd6 {[%emt 0:00:29]} 72. Rh6+ {[%emt 0:00:19]} Kc5 {[%emt 0:00:15]} 73. Ka7 {[%emt 0:02:20]} Qf7+ {[%emt 0:01:15]} 74. Ka6 {[%emt 0:00:09]} Qa2+ {[%emt 0:00:24]} 75. Kb7 {[%emt 0:00:06]} Qg2+ {[%emt 0:00:20]} 0-1

[Event "VII Lorca Open 2018"]
[Site "Lorca"]
[Date "2018.12.30"]
[Round "8"]
[White "Sabuk, Piotr"]
[Black "Salvador Lopez, Daniel"]
[Result "1/2-1/2"]
[WhiteElo "2391"]
[BlackElo "2177"]
[Annotator "NA"]
[PlyCount "74"]
[EventDate "2018.12.26"]
[EventType "swiss"]
[EventCountry "ESP"]
[SourceTitle "playchess.com"]
[Source "ChessBase"]
[SourceQuality "1"]
[TimeControl "5400+30"]

1. d4 {[%emt 0:00:00]} Nf6 {[%emt 0:08:21]} 2. c4 {[%emt 0:00:00]} g6 {[%emt 0:00:06]} 3. Nc3 {[%emt 0:00:00]} d5 {[%emt 0:06:23]} 4. Nf3 {[%emt 0:00:15]} Bg7 {[%emt 0:00:32]} 5. h4 {[%emt 0:00:11]} h6 {[%emt 0:03:22]} 6. Bf4 {[%emt 0:05:45]} c6 {[%emt 0:02:32]} 7. e3 {[%emt 0:01:09]} Qb6 {[%emt 0:03:30]} 8. Qb3 {[%emt 0:04:14]} Be6 {[%emt 0:03:35]} 9. c5 {[%emt 0:01:28]} Qxb3 {[%emt 0:00:41]} 10. axb3 {[%emt 0:00:05]} O-O {[%emt 0:04:20]} 11. b4 {[%emt 0:01:18]} Nfd7 {[%emt 0:02:07]} 12. Bd3 {[%emt 0:10:41]} Bg4 {[%emt 0:06:22]} 13. Nh2 {[%emt 0:04:46]} Bf5 {[%emt 0:01:01]} 14. Bxf5 {[%emt 0:01:23]} gxf5 {[%emt 0:00:07]} 15. g4 {[%emt 0:03:08]} fxg4 {[%emt 0:01:11]} 16. Nxg4 {[%emt 0:00:30]} f5 {[%emt 0:02:06]} 17. Ne5 {[%emt 0:14:55]} Nxe5 {[%emt 0:01:16]} 18. Bxe5 {[%emt 0:03:41]} Bxe5 {[%emt 0:00:22]} 19. dxe5 {[%emt 0:00:01]} f4 {[%emt 0:01:36]} 20. Rg1+ {[%emt 0:11:21]} Kh7 {[%emt 0:00:54]} 21. O-O-O {[%emt 0:01:04]} fxe3 {[%emt 0:09:08]} 22. fxe3 {[%emt 0:00:27]} a5 {[%emt 0:01:02]} 23. b5 {[%emt 0:01:54]} Nd7 {[%emt 0:04:36]} 24. Nxd5 {[%emt 0:03:02]} cxd5 {[%emt 0:03:04]} 25. Rxd5 {[%emt 0:00:32]} Rac8 {[%emt 0:01:33]} 26. Rxd7 {[%emt 0:00:24]} Rxc5+ {[%emt 0:00:08]} 27. Kb1 {[%emt 0:11:58]} Rxe5 {[%emt 0:00:11]} 28. Rxb7 {[%emt 0:00:08]} Rxe3 {[%emt 0:00:39]} 29. Rb6 {[%emt 0:02:06]} Rf6 {[%emt 0:09:40]} 30. Rxf6 {[%emt 0:01:01]} exf6 {[%emt 0:00:16]} 31. Kc2 {[%emt 0:04:26]} Re5 {[%emt 0:02:22]} 32. b6 {[%emt 0:00:12]} Rb5 {[%emt 0:00:19]} 33. Ra1 {[%emt 0:00:28]} Kg6 {[%emt 0:00:47]} 34. b7 {[%emt 0:00:13]} Rxb7 {[%emt 0:00:34]} 35. Rxa5 {[%emt 0:00:32]} f5 {[%emt 0:02:21]} 36. Ra6+ {[%emt 0:04:27]} Kh5 {[%emt 0:00:28]} 37. Rf6 {[%emt 0:01:36]} Kxh4 {[%emt 0:00:12]} 1/2-1/2

[Event "VII Lorca Open 2018"]
[Site "Lorca"]
[Date "2018.12.30"]
[Round "8"]
[White "Suarez Uriel, Adrian"]
[Black "Jimenez Ruano, Adrian"]
[Result "1-0"]
[WhiteElo "2386"]
[BlackElo "2245"]
[Annotator "NA"]
[PlyCount "71"]
[EventDate "2018.12.26"]
[EventType "swiss"]
[EventCountry "ESP"]
[SourceTitle "playchess.com"]
[Source "ChessBase"]
[SourceQuality "1"]
[TimeControl "5400+30"]

1. e4 {[%emt 0:04:08]} e5 {[%emt 0:00:00]} 2. Nf3 {[%emt 0:00:03]} Nc6 {[%emt 0:00:00]} 3. Bc4 {[%emt 0:00:04]} Bc5 {[%emt 0:00:00]} 4. O-O {[%emt 0:00:08]} Nf6 {[%emt 0:00:09]} 5. d3 {[%emt 0:00:05]} d6 {[%emt 0:05:20]} 6. c3 {[%emt 0:00:14]} h6 {[%emt 0:01:42]} 7. Bb3 {[%emt 0:00:07]} a6 {[%emt 0:01:58]} 8. Re1 {[%emt 0:00:08]} Ba7 {[%emt 0:00:38]} 9. Nbd2 {[%emt 0:00:45]} g5 {[%emt 0:02:57]} 10. Nc4 {[%emt 0:16:58]} g4 {[%emt 0:01:14]} 11. Nfd2 {[%emt 0:00:02]} Kf8 {[%emt 0:05:05]} 12. Nf1 {[%emt 0:00:47]} h5 {[%emt 0:02:36]} 13. Be3 {[%emt 0:01:05]} b5 {[%emt 0:00:01]} 14. Ncd2 {[%emt 0:00:42]} Bxe3 {[%emt 0:04:42]} 15. Nxe3 {[%emt 0:00:34]} h4 {[%emt 0:04:49]} 16. Ndf1 {[%emt 0:14:04]} Ne7 {[%emt 0:07:36]} 17. d4 {[%emt 0:03:08]} Ng6 {[%emt 0:01:40]} 18. Bc2 {[%emt 0:21:00]} Rh5 {[%emt 0:18:48]} 19. Nf5 {[%emt 0:00:28]} exd4 {[%emt 0:10:20]} 20. cxd4 {[%emt 0:05:11]} d5 {[%emt 0:04:14]} 21. e5 {[%emt 0:01:53]} Bxf5 {[%emt 0:01:30]} 22. exf6 {[%emt 0:00:05]} Bxc2 23. Qxc2 {[%emt 0:00:01]} Qxf6 {[%emt 0:08:39]} 24. Qxc7 {[%emt 0:05:04]} Qxd4 {[%emt 0:04:44]} 25. Rad1 {[%emt 0:02:06]} Qxb2 {[%emt 0:08:56]} 26. Ne3 {[%emt 0:00:09]} Qe5 {[%emt 0:01:05]} 27. Qc1 {[%emt 0:00:09]} g3 {[%emt 0:02:16]} 28. fxg3 {[%emt 0:00:38]} Qd6 {[%emt 0:01:14]} 29. g4 {[%emt 0:00:21]} Re5 {[%emt 0:00:35]} 30. Nf5 {[%emt 0:00:59]} Rxe1+ {[%emt 0:00:37]} 31. Rxe1 {[%emt 0:00:02]} Qf4 {[%emt 0:01:05]} 32. Qc5+ {[%emt 0:00:46]} Kg8 {[%emt 0:00:00]} 33. Qxd5 {[%emt 0:00:17]} Rc8 {[%emt 0:00:37]} 34. Qd1 {[%emt 0:04:05]} Qg5 {[%emt 0:01:01]} 35. Qd4 {[%emt 0:01:39]} f6 {[%emt 0:00:47]} 36. Qd7 {[%emt 0:20:05]} 1-0

[Event "VII Lorca Open 2018"]
[Site "Lorca"]
[Date "2018.12.30"]
[Round "8"]
[White "Serarols Mabras, Bernat"]
[Black "Alonso Garcia, Aaron"]
[Result "1-0"]
[WhiteElo "2371"]
[BlackElo "2274"]
[Annotator "NA"]
[PlyCount "141"]
[EventDate "2018.12.26"]
[EventType "swiss"]
[EventCountry "ESP"]
[SourceTitle "playchess.com"]
[Source "ChessBase"]
[SourceQuality "1"]
[TimeControl "5400+30"]

1. d4 {[%emt 0:00:00]} Nf6 {[%emt 0:00:00]} 2. c4 {[%emt 0:00:00]} e6 {[%emt 0:00:00]} 3. g3 {[%emt 0:00:02]} d5 {[%emt 0:03:41]} 4. Bg2 {[%emt 0:00:09]} Be7 {[%emt 0:01:49]} 5. Nf3 {[%emt 0:00:09]} O-O {[%emt 0:00:17]} 6. O-O {[%emt 0:00:09]} c6 {[%emt 0:02:26]} 7. Qc2 {[%emt 0:02:27]} dxc4 {[%emt 0:05:32]} 8. Qxc4 {[%emt 0:01:24]} b6 {[%emt 0:06:39]} 9. Rd1 {[%emt 0:16:30]} Ba6 {[%emt 0:00:21]} 10. Qc2 {[%emt 0:00:18]} Qc8 {[%emt 0:05:24]} 11. e4 {[%emt 0:06:38]} c5 {[%emt 0:12:20]} 12. d5 {[%emt 0:05:03]} exd5 {[%emt 0:03:37]} 13. e5 {[%emt 0:09:24]} Ne8 {[%emt 0:01:19]} 14. Nc3 {[%emt 0:05:46]} Nc7 {[%emt 0:02:57]} 15. Bg5 {[%emt 0:09:44]} Qe6 {[%emt 0:05:23]} 16. Bxe7 {[%emt 0:10:41]} Qxe7 {[%emt 0:00:01]} 17. Nxd5 {[%emt 0:00:14]} Nxd5 {[%emt 0:00:02]} 18. Rxd5 {[%emt 0:00:11]} Bb7 {[%emt 0:04:35]} 19. Rd6 {[%emt 0:00:53]} Nc6 {[%emt 0:06:54]} 20. Qd2 {[%emt 0:09:04]} Rad8 {[%emt 0:09:28]} 21. Rd1 {[%emt 0:01:59]} Ba8 {[%emt 0:07:08]} 22. Qf4 {[%emt 0:05:24]} Rxd6 {[%emt 0:06:17]} 23. exd6 {[%emt 0:03:23]} Qf6 {[%emt 0:00:17]} 24. Qxf6 {[%emt 0:05:06]} gxf6 {[%emt 0:00:01]} 25. d7 {[%emt 0:02:42]} Rd8 {[%emt 0:05:12]} 26. Bh3 {[%emt 0:00:41]} Kf8 {[%emt 0:01:36]} 27. a3 {[%emt 0:00:50]} Nb8 {[%emt 0:01:25]} 28. Nh4 {[%emt 0:00:07]} Bc6 {[%emt 0:00:12]} 29. Bf5 {[%emt 0:02:17]} h6 {[%emt 0:01:27]} 30. Bg4 {[%emt 0:00:24]} Bxd7 {[%emt 0:00:15]} 31. Nf5 {[%emt 0:00:25]} Nc6 {[%emt 0:00:31]} 32. Nxh6 {[%emt 0:00:14]} Kg7 {[%emt 0:02:49]} 33. Rxd7 {[%emt 0:00:50]} Kxh6 {[%emt 0:06:35]} 34. Rxf7 {[%emt 0:01:03]} Kg6 {[%emt 0:00:00]} 35. Rc7 {[%emt 0:01:02]} Ne5 {[%emt 0:00:00]} 36. Be2 {[%emt 0:01:41]} Rd2 {[%emt 0:00:00]} 37. Kf1 {[%emt 0:00:21]} Kf5 {[%emt 0:00:00]} 38. b4 {[%emt 0:00:29]} Ra2 {[%emt 0:00:00]} 39. bxc5 {[%emt 0:00:17]} Rxa3 {[%emt 0:00:00]} 40. cxb6 {[%emt 0:00:59]} axb6 {[%emt 0:00:00]} 41. h4 {[%emt 0:00:26]} Ra1+ {[%emt 0:00:00]} 42. Kg2 {[%emt 0:00:02]} Ra2 {[%emt 0:00:00]} 43. Bf1 {[%emt 0:01:07]} Rd2 {[%emt 0:01:33]} 44. Rc3 {[%emt 0:00:41]} Rb2 {[%emt 0:00:35]} 45. Bd3+ {[%emt 0:00:24]} Nxd3 {[%emt 0:00:44]} 46. Rxd3 {[%emt 0:00:01]} b5 {[%emt 0:00:01]} 47. Kf3 {[%emt 0:00:29]} b4 {[%emt 0:00:19]} 48. Rd5+ {[%emt 0:00:08]} Kg6 {[%emt 0:00:52]} 49. Rb5 {[%emt 0:00:00]} b3 {[%emt 0:00:42]} 50. Ke3 {[%emt 0:00:24]} Rb1 {[%emt 0:00:15]} 51. f3 {[%emt 0:00:12]} b2 {[%emt 0:00:34]} 52. Kf4 {[%emt 0:00:01]} Kh6 {[%emt 0:00:57]} 53. Rb7 {[%emt 0:01:07]} Kg6 {[%emt 0:01:31]} 54. Kg4 {[%emt 0:00:28]} Kh6 {[%emt 0:00:10]} 55. Kf4 {[%emt 0:01:18]} Kg6 {[%emt 0:00:02]} 56. g4 {[%emt 0:00:13]} f5 {[%emt 0:01:43]} 57. Rb6+ {[%emt 0:00:07]} Kg7 {[%emt 0:01:13]} 58. Kxf5 {[%emt 0:00:09]} Rh1 {[%emt 0:00:40]} 59. Rxb2 {[%emt 0:00:07]} Rxh4 {[%emt 0:00:02]} 60. Rb7+ {[%emt 0:00:14]} Kg8 {[%emt 0:00:24]} 61. f4 {[%emt 0:00:48]} Rh6 {[%emt 0:00:14]} 62. Kg5 {[%emt 0:00:22]} Ra6 {[%emt 0:00:02]} 63. f5 {[%emt 0:00:12]} Kf8 {[%emt 0:00:35]} 64. f6 {[%emt 0:00:32]} Ra4 {[%emt 0:01:03]} 65. Kf5 {[%emt 0:00:02]} Rc4 {[%emt 0:00:28]} 66. g5 {[%emt 0:00:08]} Rc8 {[%emt 0:00:31]} 67. g6 {[%emt 0:00:52]} Rc5+ {[%emt 0:00:34]} 68. Kg4 {[%emt 0:00:10]} Rc8 {[%emt 0:00:06]} 69. Kg5 {[%emt 0:00:08]} Ra8 {[%emt 0:00:48]} 70. Kh6 {[%emt 0:00:07]} Kg8 {[%emt 0:01:21]} 71. f7+ {[%emt 0:00:12]} 1-0

[Event "VII Lorca Open 2018"]
[Site "Lorca"]
[Date "2018.12.30"]
[Round "8"]
[White "Luch, Michal"]
[Black "Korneev Leskova, Svyatoslav"]
[Result "1/2-1/2"]
[WhiteElo "2360"]
[BlackElo "2134"]
[Annotator "NA"]
[PlyCount "97"]
[EventDate "2018.12.26"]
[EventType "swiss"]
[EventCountry "ESP"]
[SourceTitle "playchess.com"]
[Source "ChessBase"]
[SourceQuality "1"]
[TimeControl "5400+30"]

1. e4 {[%emt 0:00:00]} e6 {[%emt 0:00:00]} 2. d4 {[%emt 0:00:00]} d5 {[%emt 0:00:03]} 3. Nd2 {[%emt 0:00:00]} c5 {[%emt 0:00:17]} 4. exd5 {[%emt 0:00:00]} Qxd5 {[%emt 0:00:07]} 5. Ngf3 {[%emt 0:00:07]} cxd4 {[%emt 0:00:22]} 6. Bc4 {[%emt 0:00:03]} Qd6 {[%emt 0:00:08]} 7. O-O {[%emt 0:00:03]} Nf6 {[%emt 0:00:09]} 8. Nb3 {[%emt 0:00:05]} Nc6 {[%emt 0:00:14]} 9. Nbxd4 {[%emt 0:00:16]} Nxd4 {[%emt 0:00:10]} 10. Nxd4 {[%emt 0:00:02]} a6 {[%emt 0:00:09]} 11. Re1 {[%emt 0:00:48]} Qc7 {[%emt 0:00:39]} 12. Bb3 {[%emt 0:00:03]} Bd6 {[%emt 0:02:02]} 13. h3 {[%emt 0:15:55]} Bh2+ {[%emt 0:06:57]} 14. Kh1 {[%emt 0:00:13]} Bf4 {[%emt 0:00:13]} 15. Nf5 {[%emt 0:27:42]} Bxc1 {[%emt 0:03:08]} 16. Qxc1 {[%emt 0:07:39]} h6 {[%emt 0:02:20]} 17. c3 {[%emt 0:16:10]} O-O {[%emt 0:07:50]} 18. Nxh6+ {[%emt 0:09:38]} gxh6 {[%emt 0:00:02]} 19. Qxh6 {[%emt 0:00:04]} Nh7 {[%emt 0:00:11]} 20. Re3 {[%emt 0:01:23]} Kh8 {[%emt 0:07:43]} 21. Rd1 {[%emt 0:05:33]} Rg8 {[%emt 0:16:54]} 22. Rd4 {[%emt 0:02:28]} f5 {[%emt 0:02:04]} 23. Bxe6 {[%emt 0:01:00]} Bxe6 {[%emt 0:00:33]} 24. Qxe6 {[%emt 0:01:09]} Rae8 {[%emt 0:02:01]} 25. Qxf5 {[%emt 0:04:18]} Rxe3 {[%emt 0:00:05]} 26. fxe3 {[%emt 0:00:03]} Qg3 {[%emt 0:02:46]} 27. Qf3 {[%emt 0:02:04]} Qxf3 {[%emt 0:03:23]} 28. gxf3 {[%emt 0:00:02]} Rg3 {[%emt 0:00:08]} 29. Rd8+ {[%emt 0:02:44]} Kg7 {[%emt 0:00:15]} 30. Rd7+ {[%emt 0:00:07]} Kg8 {[%emt 0:00:52]} 31. Rxb7 {[%emt 0:00:23]} Rxf3 {[%emt 0:00:06]} 32. Kg2 {[%emt 0:03:50]} Rxe3 {[%emt 0:00:09]} 33. Rb6 {[%emt 0:00:18]} a5 {[%emt 0:01:48]} 34. h4 {[%emt 0:00:50]} Kg7 {[%emt 0:00:14]} 35. h5 {[%emt 0:00:38]} a4 {[%emt 0:01:00]} 36. h6+ {[%emt 0:01:22]} Kf7 {[%emt 0:00:04]} 37. Kf2 {[%emt 0:00:44]} Rh3 {[%emt 0:00:05]} 38. a3 {[%emt 0:00:27]} Nf6 {[%emt 0:00:04]} 39. Ke1 {[%emt 0:00:45]} Ne4 {[%emt 0:02:45]} 40. Kd1 {[%emt 0:00:31]} Nxc3+ {[%emt 0:00:33]} 41. bxc3 {[%emt 0:00:04]} Rxc3 {[%emt 0:00:01]} 42. h7 {[%emt 0:00:17]} Kg7 {[%emt 0:00:13]} 43. Rh6 {[%emt 0:00:31]} Kh8 {[%emt 0:00:06]} 44. Rh4 {[%emt 0:00:32]} Rxa3 {[%emt 0:00:05]} 45. Kc2 {[%emt 0:00:07]} Rg3 {[%emt 0:00:08]} 46. Kb2 {[%emt 0:00:09]} Rg7 {[%emt 0:00:05]} 47. Ka3 {[%emt 0:00:05]} Rxh7 {[%emt 0:00:06]} 48. Rxh7+ {[%emt 0:00:03]} Kxh7 {[%emt 0:44:43]} 49. Kxa4 {[%emt 0:03:15]} 1/2-1/2

[Event "VII Lorca Open 2018"]
[Site "Lorca"]
[Date "2018.12.30"]
[Round "8"]
[White "Ramiro Ovejero, Juan Luis"]
[Black "Martinez Fernandez, Adrian"]
[Result "0-1"]
[WhiteElo "2358"]
[BlackElo "2212"]
[Annotator "NA"]
[PlyCount "76"]
[EventDate "2018.12.26"]
[EventType "swiss"]
[EventCountry "ESP"]
[SourceTitle "playchess.com"]
[Source "ChessBase"]
[SourceQuality "1"]
[TimeControl "5400+30"]

1. e4 {[%emt 0:00:00]} c5 {[%emt 0:00:00]} 2. Nf3 {[%emt 0:00:00]} d6 {[%emt 0:00:00]} 3. Bb5+ {[%emt 0:00:00]} Bd7 {[%emt 0:00:00]} 4. Bxd7+ {[%emt 0:00:00]} Qxd7 {[%emt 0:00:00]} 5. c4 {[%emt 0:00:09]} Nc6 {[%emt 0:00:06]} 6. d4 {[%emt 0:00:15]} cxd4 {[%emt 0:00:12]} 7. Nxd4 {[%emt 0:00:05]} g6 {[%emt 0:00:13]} 8. b3 {[%emt 0:00:40]} Bg7 {[%emt 0:05:03]} 9. Bb2 {[%emt 0:00:06]} Nf6 {[%emt 0:00:12]} 10. Nc3 {[%emt 0:00:11]} O-O {[%emt 0:00:16]} 11. O-O {[%emt 0:00:05]} e6 {[%emt 0:10:53]} 12. Re1 {[%emt 0:04:35]} Nxd4 {[%emt 0:05:54]} 13. Qxd4 {[%emt 0:00:05]} Nd5 {[%emt 0:00:57]} 14. Qd2 {[%emt 0:00:27]} Nxc3 {[%emt 0:00:08]} 15. Bxc3 {[%emt 0:00:03]} Bxc3 {[%emt 0:00:13]} 16. Qxc3 {[%emt 0:00:04]} Qc6 {[%emt 0:00:16]} 17. Rad1 {[%emt 0:08:24]} Rfd8 {[%emt 0:02:51]} 18. h4 {[%emt 0:01:56]} h5 {[%emt 0:00:58]} 19. Qf6 {[%emt 0:05:31]} b5 {[%emt 0:04:27]} 20. cxb5 {[%emt 0:02:34]} Qxb5 {[%emt 0:00:08]} 21. Re3 {[%emt 0:02:43]} Rac8 {[%emt 0:12:59]} 22. Rf3 {[%emt 0:06:41]} Rd7 {[%emt 0:02:00]} 23. Rxd6 {[%emt 0:03:22]} Rc1+ {[%emt 0:16:05]} 24. Kh2 {[%emt 0:00:13]} Re1 {[%emt 0:00:24]} 25. Rxd7 {[%emt 0:10:12]} Qxd7 {[%emt 0:00:08]} 26. Qf4 {[%emt 0:03:48]} Qe7 {[%emt 0:06:16]} 27. Kg3 {[%emt 0:05:25]} e5 {[%emt 0:02:06]} 28. Qg5 {[%emt 0:06:01]} Qxg5+ {[%emt 0:02:56]} 29. hxg5 {[%emt 0:00:03]} Rxe4 {[%emt 0:00:04]} 30. Rf6 {[%emt 0:00:20]} Rg4+ {[%emt 0:00:06]} 31. Kf3 {[%emt 0:00:42]} e4+ {[%emt 0:00:43]} 32. Ke3 {[%emt 0:00:03]} Rxg2 {[%emt 0:01:29]} 33. b4 {[%emt 0:06:34]} Rxg5 {[%emt 0:01:21]} 34. a4 {[%emt 0:00:12]} h4 {[%emt 0:01:48]} 35. Rc6 {[%emt 0:00:44]} Rg1 {[%emt 0:03:47]} 36. f4 {[%emt 0:00:37]} exf3 {[%emt 0:00:26]} 37. Kxf3 {[%emt 0:00:06]} h3 {[%emt 0:01:39]} 38. Rc2 {[%emt 0:00:03]} g5 {[%emt 0:00:09]} 0-1

[Event "VII Lorca Open 2018"]
[Site "Lorca"]
[Date "2018.12.30"]
[Round "8"]
[White "Martin Duque, Jesus"]
[Black "Ajay Karthikeyan"]
[Result "1-0"]
[WhiteElo "2354"]
[BlackElo "2143"]
[Annotator "NA"]
[PlyCount "81"]
[EventDate "2018.12.26"]
[EventType "swiss"]
[EventCountry "ESP"]
[SourceTitle "playchess.com"]
[Source "ChessBase"]
[SourceQuality "1"]
[TimeControl "5400+30"]

1. e4 {[%emt 0:03:44]} c5 {[%emt 0:00:00]} 2. Nf3 {[%emt 0:00:02]} g6 {[%emt 0:00:03]} 3. d4 {[%emt 0:00:04]} cxd4 {[%emt 0:00:10]} 4. Nxd4 {[%emt 0:00:07]} Nc6 {[%emt 0:00:01]} 5. c4 {[%emt 0:00:06]} Nf6 {[%emt 0:00:04]} 6. Nc3 {[%emt 0:00:07]} d6 {[%emt 0:00:03]} 7. Be2 {[%emt 0:00:08]} Nxd4 {[%emt 0:00:02]} 8. Qxd4 {[%emt 0:00:09]} Bg7 {[%emt 0:00:02]} 9. Be3 {[%emt 0:00:09]} O-O {[%emt 0:00:06]} 10. Qd2 {[%emt 0:00:06]} a5 {[%emt 0:00:03]} 11. O-O {[%emt 0:00:17]} a4 {[%emt 0:00:01]} 12. Bd4 {[%emt 0:01:55]} Qa5 {[%emt 0:02:46]} 13. Rad1 {[%emt 0:00:12]} Be6 {[%emt 0:16:08]} 14. f4 {[%emt 0:00:22]} Qb4 {[%emt 0:11:41]} 15. a3 {[%emt 0:18:38]} Qb3 {[%emt 0:02:09]} 16. Rc1 {[%emt 0:11:20]} Nd7 {[%emt 1:04:41]} 17. Bxg7 {[%emt 0:12:56]} Kxg7 {[%emt 0:00:00]} 18. Qd4+ {[%emt 0:01:08]} f6 {[%emt 0:00:00]} 19. Nb5 {[%emt 0:02:09]} Rfc8 {[%emt 0:00:00]} 20. Kh1 {[%emt 0:06:43]} Rc5 {[%emt 0:00:00]} 21. Qd2 {[%emt 0:07:08]} Bg8 {[%emt 0:00:00]} 22. Rf3 {[%emt 0:03:21]} Qa2 {[%emt 0:00:00]} 23. Nc3 {[%emt 0:00:29]} Qb3 {[%emt 0:00:00]} 24. Nd5 {[%emt 0:00:37]} Rxd5 {[%emt 0:00:00]} 25. cxd5 {[%emt 0:02:40]} Qb6 {[%emt 0:00:00]} 26. Qb4 {[%emt 0:01:20]} Qd8 {[%emt 0:00:00]} 27. Rfc3 {[%emt 0:01:31]} b6 {[%emt 0:00:00]} 28. Rc6 {[%emt 0:02:01]} Nc5 {[%emt 0:00:00]} 29. Qxb6 {[%emt 0:05:03]} Qxb6 {[%emt 0:00:00]} 30. Rxb6 {[%emt 0:00:01]} Nxe4 {[%emt 0:00:00]} 31. Rc7 {[%emt 0:00:22]} Kf8 {[%emt 0:00:00]} 32. Bc4 {[%emt 0:01:02]} Nf2+ {[%emt 0:00:00]} 33. Kg1 {[%emt 0:00:04]} Ng4 {[%emt 0:00:00]} 34. Rbc6 {[%emt 0:02:51]} Ne3 {[%emt 0:00:00]} 35. Rc8+ {[%emt 0:00:04]} Rxc8 {[%emt 0:00:00]} 36. Rxc8+ {[%emt 0:00:06]} Kg7 {[%emt 0:00:00]} 37. Ba2 {[%emt 0:00:13]} Nd1 {[%emt 0:03:31]} 38. Rc2 {[%emt 0:00:51]} Ne3 {[%emt 0:00:24]} 39. Re2 {[%emt 0:00:30]} Nxd5 {[%emt 0:00:56]} 40. Bxd5 {[%emt 0:00:05]} Bxd5 {[%emt 0:00:01]} 41. Rxe7+ {[%emt 0:00:02]} 1-0